Normal view
MARC view
Entry Topical Term
001 - CONTROL NUMBER
- control field: 11577
003 - CONTROL NUMBER IDENTIFIER
- control field: OSt
005 - DATE AND TIME OF LATEST TRANSACTION
- control field: 20170215124913.0
008 - FIXED-LENGTH DATA ELEMENTS
- fixed length control field: 170215|| aca||aabn | a|a d
040 ## - CATALOGING SOURCE
- Original cataloging agency: OSt
- Transcribing agency: OSt
150 ## - HEADING--TOPICAL TERM
- Topical term or geographic name entry element: Immune diseases
670 ## - SOURCE DATA FOUND
- Source citation: Work cat.: (OSt)591: Janeway, Charles A.;Travers, Paul 1519, Immunobiology :, c1994.
